01096nam a2200217 i 4500001000300000245011200003246002500115260004600140300003400186490021400220500011500434504002400549650001400573655002900587830008700616040000800703041001300711080001500724008004100739856009800780bg00aMateriały kompozytowe - właściwości, wytwarzanie, zastosowanie :bIII konferencja naukowo-techniczna.11aComposites materials aWrocław :bOficyna Wydawnicza PW,c2001. a250 s. :bil., mapy ;c24 cm.1 aPrace Naukowe Instytutu Budownictwa Politechniki Wrocławskiej. Konferencje =aScientific Papers of the Institute of Building Engineering of the Wrocław University of Technology. Conferences,x0324-9883 ;v29 aTyt. równol.: Composites materials. - Nr serii gł.: 80. - Tekst. częśc. ang. - Streszcz. ang. przy ref. aBibliogr. przy ref. 9aKompozyty aMateriały konferencyjne 0aPrace Naukowe Instytutu Budownictwa Politechniki Wrocławskiej.pKonferencje ;v29 cBPK0 aplenben a620.2(061) s pl f |000 0 pol  uhttp://koha.tu.koszalin.pl/cgi-bin/koha/opac-detail.pl?biblionumber=40616yKatalog online BPK